[Event "CAN-op"]
[Site "Sackville CAN"]
[Date "2001.07.08"]
[Round "2"]
[White "Nunes, Garvin"]
[Black "Kirby, Patrick"]
[Result "0-1"]
[WhiteElo "1794"]
[BlackElo "2228"]
[PlyCount "100"]
[GameId "2160767911564015"]
[EventDate "2001.07.07"]
[EventType "swiss"]
[EventRounds "10"]
[EventCountry "CAN"]
[SourceTitle "EXT 2006"]
[Source "ChessBase"]
[SourceDate "2005.11.24"]
[SourceVersion "1"]
[SourceVersionDate "2005.11.24"]
[SourceQuality "1"]

1. d4 Nf6 2. Nf3 e6 3. Bf4 b6 4. e3 Bb7 5. h3 Be7 6. Be2 O-O 7. O-O Ne4 8. Nbd2 f5 9. Ne5 d6 10. Nd3 Bf6 11. f3 Nxd2 12. Qxd2 Nd7 13. Bg3 Qe8 14. c4 a5 15. Rad1 e5 16. Bf2 Qg6 17. b3 Rae8 18. Rfe1 Qh6 19. Bf1 g5 20. dxe5 dxe5 21. Nb4 Nc5 22. Nd5 Rd8 23. Nxf6+ Qxf6 24. Qc3 Qe7 25. Bg3 e4 26. Qe5 Qxe5 27. Bxe5 Ne6 28. Be2 exf3 29. Bxf3 Bxf3 30. gxf3 Rf7 31. Kf2 Rfd7 32. Rxd7 Rxd7 33. Ke2 Kf7 34. Rg1 h6 35. Rh1 h5 36. Rg1 Kg6 37. Rf1 c6 38. Rc1 Nc5 39. Rd1 Rxd1 40. Kxd1 b5 41. cxb5 cxb5 42. Bd4 Nd3 43. Ke2 Nc1+ 44. Kd2 Nxa2 45. Bc5 h4 46. Bd6 Nb4 47. Bxb4 axb4 48. e4 fxe4 49. Ke3 exf3 50. Kxf3 Kf5 0-1

[Event "CAN-op"]
[Site "Sackville CAN"]
[Date "2001.07.08"]
[Round "2"]
[White "Ochkoos, Jura"]
[Black "Chow, Vincent"]
[Result "1-0"]
[WhiteElo "2372"]
[BlackElo "2084"]
[PlyCount "54"]
[GameId "2160767911564016"]
[EventDate "2001.07.07"]
[EventType "swiss"]
[EventRounds "10"]
[EventCountry "CAN"]

1. d4 Nf6 2. c4 Nc6 3. Nf3 e6 4. Nc3 Bb4 5. e3 O-O 6. Be2 Bxc3+ 7. bxc3 d6 8. O-O e5 9. Ba3 Re8 10. c5 dxc5 11. Nxe5 Nxe5 12. dxe5 Ne4 13. Bd3 Qd5 14. f3 Nxc3 15. Qc2 Qxe5 16. Rae1 Nd5 17. Bxh7+ Kh8 18. Bxc5 c6 19. Bd3 Bd7 20. Bd4 Qg5 21. f4 Qg4 22. Qd2 Re6 23. e4 Nb6 24. f5 Rd6 25. Be2 Qxe4 26. Bxg7+ Kxg7 27. Qxd6 Bxf5 1-0

[Event "CAN-op"]
[Site "Sackville CAN"]
[Date "2001.07.08"]
[Round "2"]
[White "Palsson, Halldor"]
[Black "Lipnowski, Samuel"]
[Result "1-0"]
[WhiteElo "2182"]
[BlackElo "2080"]
[PlyCount "53"]
[GameId "2160767911564017"]
[EventDate "2001.07.07"]
[EventType "swiss"]
[EventRounds "10"]
[EventCountry "CAN"]
[SourceTitle "EXT 2006"]
[Source "ChessBase"]
[SourceDate "2005.11.24"]
[SourceVersion "1"]
[SourceVersionDate "2005.11.24"]
[SourceQuality "1"]

1. d4 Nf6 2. c4 c5 3. d5 d6 4. Nc3 g6 5. e4 Bg7 6. Bd3 O-O 7. Nf3 Bg4 8. h3 Bxf3 9. Qxf3 Na6 10. O-O Nc7 11. Bg5 Re8 12. Rae1 a6 13. a4 b5 14. axb5 axb5 15. cxb5 Nd7 16. Qd1 Nb6 17. f4 Qd7 18. f5 Bd4+ 19. Kh1 e6 20. dxe6 fxe6 21. fxg6 hxg6 22. e5 Bxe5 23. Bxg6 Rf8 24. Ne4 Ncd5 25. Qh5 Nf4 26. Rxf4 Rxf4 27. Bxf4 1-0

[Event "CAN-op"]
[Site "Sackville CAN"]
[Date "2001.07.08"]
[Round "2"]
[White "Poirier, David"]
[Black "Poitras, Luc"]
[Result "0-1"]
[WhiteElo "1880"]
[BlackElo "2200"]
[PlyCount "74"]
[GameId "2160767911564019"]
[EventDate "2001.07.07"]
[EventType "swiss"]
[EventRounds "10"]
[EventCountry "CAN"]
[SourceTitle "EXT 2006"]
[Source "ChessBase"]
[SourceDate "2005.11.24"]
[SourceVersion "1"]
[SourceVersionDate "2005.11.24"]
[SourceQuality "1"]

1. d4 Nf6 2. Nf3 e6 3. Bf4 b6 4. e3 Bb7 5. Nbd2 c5 6. h3 Be7 7. Be2 O-O 8. O-O cxd4 9. exd4 d6 10. Ne1 Nc6 11. Bf3 Qc7 12. c3 e5 13. dxe5 dxe5 14. Bh2 Rad8 15. Qe2 Qc8 16. Bxc6 Qxc6 17. Nef3 e4 18. Nd4 Qd5 19. f3 Bc5 20. N2b3 Qh5 21. Kh1 exf3 22. Nxf3 Rfe8 23. Qc4 Ne4 24. Nxc5 Nxc5 25. Qb5 Ba6 26. Qc6 Bxf1 27. Rxf1 Qd5 28. Qxd5 Rxd5 29. Nd4 Na4 30. Nc6 Rd2 31. Bf4 Rxb2 32. Rd1 h6 33. Rd8 Rxd8 34. Nxd8 Nxc3 35. Be5 Rb1+ 36. Kh2 Nxa2 37. Nc6 a5 0-1

[Event "CAN-op"]
[Site "Sackville CAN"]
[Date "2001.07.08"]
[Round "2"]
[White "Stevens, Christian"]
[Black "Urquhart, Eddie"]
[Result "0-1"]
[WhiteElo "2028"]
[BlackElo "2233"]
[PlyCount "54"]
[GameId "2160767911564021"]
[EventDate "2001.07.07"]
[EventType "swiss"]
[EventRounds "10"]
[EventCountry "CAN"]
[SourceTitle "EXT 2006"]
[Source "ChessBase"]
[SourceDate "2005.11.24"]
[SourceVersion "1"]
[SourceVersionDate "2005.11.24"]
[SourceQuality "1"]

1. d4 Nf6 2. c4 g6 3. g3 Bg7 4. Bg2 d5 5. cxd5 Nxd5 6. e4 Nb6 7. d5 c6 8. Nc3 cxd5 9. exd5 O-O 10. Nge2 N8d7 11. O-O Nf6 12. Be3 Nc4 13. Bd4 Nd6 14. b3 Bf5 15. Re1 Re8 16. h3 h5 17. Nf4 Rc8 18. a4 Qa5 19. Rc1 a6 20. Nd3 Bxd3 21. Qxd3 Qb4 22. Bxf6 Bxf6 23. Ne4 Nxe4 24. Bxe4 h4 25. d6 exd6 26. Qf3 Bg7 27. Kg2 Rxc1 0-1

[Event "CAN-op"]
[Site "Sackville CAN"]
[Date "2001.07.08"]
[Round "2"]
[White "Tuason, Alfred"]
[Black "Tremblay, Eric"]
[Result "1-0"]
[WhiteElo "1596"]
[BlackElo "1460"]
[PlyCount "43"]
[GameId "2160767911564022"]
[EventDate "2001.07.07"]
[EventType "swiss"]
[EventRounds "10"]
[EventCountry "CAN"]
[SourceTitle "EXT 2006"]
[Source "ChessBase"]
[SourceDate "2005.11.24"]
[SourceVersion "1"]
[SourceVersionDate "2005.11.24"]
[SourceQuality "1"]

1. b3 e5 2. Bb2 d6 3. e3 Bd7 4. Nf3 c5 5. Bc4 Nc6 6. O-O Be7 7. Nc3 Nf6 8. Ng5 Bg4 9. f3 Bh5 10. Qe1 h6 11. Nge4 Nxe4 12. fxe4 O-O 13. Nd5 Bg5 14. a3 Ne7 15. Qg3 Nxd5 16. Bxd5 Rb8 17. d4 Be2 18. dxe5 Bxf1 19. Rxf1 g6 20. exd6 Qd7 21. h4 Bd8 22. Qxg6# 1-0

[Event "CAN-op"]
[Site "Sackville CAN"]
[Date "2001.07.08"]
[Round "2"]
[White "White, Chris"]
[Black "Cushway, Galen"]
[Result "1-0"]
[WhiteElo "1479"]
[BlackElo "1186"]
[PlyCount "31"]
[GameId "2160767911564023"]
[EventDate "2001.07.07"]
[EventType "swiss"]
[EventRounds "10"]
[EventCountry "CAN"]
[SourceTitle "EXT 2006"]
[Source "ChessBase"]
[SourceDate "2005.11.24"]
[SourceVersion "1"]
[SourceVersionDate "2005.11.24"]
[SourceQuality "1"]

1. e4 c5 2. Nf3 e6 3. Bc4 Nc6 4. Nc3 b6 5. d3 Bb7 6. a3 Nge7 7. Bf4 Na5 8. Nb5 Nd5 9. exd5 d6 10. dxe6 Nxc4 11. exf7+ Kxf7 12. dxc4 Bxf3 13. Qxf3 Qe7+ 14. Be3+ Ke8 15. Qc6+ Qd7 16. Qxa8+ 1-0

[Event "CAN-op"]
[Site "Sackville CAN"]
[Date "2001.07.08"]
[Round "2"]
[White "Wong, Wylon"]
[Black "Mallais, Daniel"]
[Result "1-0"]
[WhiteElo "1719"]
[BlackElo "1939"]
[PlyCount "59"]
[GameId "2160767911564024"]
[EventDate "2001.07.07"]
[EventType "swiss"]
[EventRounds "10"]
[EventCountry "CAN"]
[SourceTitle "EXT 2006"]
[Source "ChessBase"]
[SourceDate "2005.11.24"]
[SourceVersion "1"]
[SourceVersionDate "2005.11.24"]
[SourceQuality "1"]

1. d4 d5 2. e3 Nf6 3. g3 Bf5 4. Bg2 e6 5. Nf3 Bd6 6. O-O Nbd7 7. Nbd2 O-O 8. c4 c6 9. Qe2 e5 10. b3 Re8 11. Bb2 e4 12. Ng5 Nf8 13. Nh3 Kh8 14. cxd5 Qc8 15. Nc4 Bb8 16. Ng5 Bg6 17. dxc6 bxc6 18. Ne5 Bxe5 19. dxe5 Ng4 20. Nxe4 Nxe5 21. Bxe5 Rxe5 22. Nd6 Qe6 23. Bxc6 Rd8 24. Nc4 Bd3 25. Qd2 Rh5 26. Bg2 Qc8 27. Rfd1 Ne6 28. Rac1 Rc5 29. Ne5 Rxc1 30. Rxc1 1-0

[Event "CAN-op"]
[Site "Sackville CAN"]
[Date "2001.07.08"]
[Round "2.49"]
[White "Strojevs, Alexander"]
[Black "Mercer, Jason"]
[Result "1-0"]
[WhiteElo "1809"]
[BlackElo "1576"]
[PlyCount "111"]
[GameId "2160767911564025"]
[EventDate "2001.07.07"]
[EventType "swiss"]
[EventRounds "10"]
[EventCountry "CAN"]

1. d4 d5 2. c4 c6 3. e3 Nf6 4. Nc3 Bf5 5. Bd3 Bxd3 6. Qxd3 e6 7. Nf3 Bb4 8. O-O O-O 9. cxd5 cxd5 10. Bd2 Bxc3 11. Bxc3 Nc6 12. Rac1 Rc8 13. Rfd1 Re8 14. a3 a6 15. b4 b5 16. Bb2 Qb6 17. Nd2 a5 18. Bc3 a4 19. Rc2 Re7 20. Rdc1 Rec7 21. Bb2 Na7 22. Kf1 Rxc2 23. Rxc2 Rxc2 24. Qxc2 Qc6 25. Qc5 Qxc5 26. dxc5 Nc6 27. Nf3 Ne4 28. Ke2 f6 29. Nd4 Nxd4+ 30. Bxd4 Kf8 31. f3 Ng5 32. h4 Nf7 33. Kd3 e5 34. Bc3 Ke7 35. g4 h6 36. Be1 g5 37. Bg3 Ke6 38. f4 gxf4 39. exf4 exf4 40. Bxf4 Ne5+ 41. Bxe5 Kxe5 42. Ke3 d4+ 43. Kd3 Kd5 44. c6 Kxc6 45. Kxd4 Kd6 46. h5 Kc6 47. Ke4 Kd6 48. Kf5 Ke7 49. Kg6 Ke6 50. Kxh6 Kf7 51. Kh7 Kf8 52. Kg6 Kg8 53. Kxf6 Kh7 54. g5 Kh8 55. Kf7 Kh7 56. g6+ 1-0

[Event "CAN-op"]
[Site "Sackville CAN"]
[Date "2001.07.08"]
[Round "3"]
[White "Arseneau, Peter"]
[Black "Vera, Jesus"]
[Result "1-0"]
[WhiteElo "1851"]
[BlackElo "1457"]
[PlyCount "120"]
[GameId "2160767911564026"]
[EventDate "2001.07.07"]
[EventType "swiss"]
[EventRounds "10"]
[EventCountry "CAN"]
[SourceTitle "EXT 2006"]
[Source "ChessBase"]
[SourceDate "2005.11.24"]
[SourceVersion "1"]
[SourceVersionDate "2005.11.24"]
[SourceQuality "1"]

1. e4 c5 2. Nf3 Nc6 3. d4 cxd4 4. Nxd4 Nf6 5. Nc3 d6 6. Bg5 e5 7. Ndb5 a6 8. Na3 Be7 9. Bxf6 Bxf6 10. Nc4 Nd4 11. Nd5 b5 12. Nce3 O-O 13. c3 Nc6 14. g3 Be7 15. Bg2 Be6 16. O-O Rc8 17. a4 f5 18. exf5 Bxf5 19. Nxf5 Rxf5 20. axb5 axb5 21. Bh3 Rf8 22. Bxc8 Qxc8 23. Nxe7+ Nxe7 24. Qxd6 Ng6 25. Qd5+ Kh8 26. Qxb5 Qg4 27. Qb7 e4 28. Ra8 h5 29. Rxf8+ Nxf8 30. Re1 h4 31. Rxe4 Qd1+ 32. Kg2 h3+ 33. Kxh3 Qf1+ 34. Kg4 Qxf2 35. Rf4 Qe2+ 36. Kh3 Qe6+ 37. Kg2 Ng6 38. Rf2 Qg4 39. Qf7 Nh4+ 40. Kg1 Ng6 41. Qf3 Qg5 42. Qa8+ Kh7 43. Qe4 Kg8 44. c4 Ne5 45. Re2 Qc1+ 46. Kg2 Nxc4 47. Qe8+ Kh7 48. Qh5+ Qh6 49. Qxh6+ Kxh6 50. b4 g6 51. b5 Kg5 52. Kf3 Kf5 53. g4+ Kf6 54. h4 Nb6 55. g5+ Kf7 56. Rc2 Nd5 57. Rc6 Nb4 58. Ke4 Nxc6 59. bxc6 Ke6 60. c7 Kd7 1-0

[Event "CAN-op"]
[Site "Sackville CAN"]
[Date "2001.07.08"]
[Round "3"]
[White "Campbell, Jamie"]
[Black "Tsui, Edwin"]
[Result "0-1"]
[WhiteElo "1547"]
[BlackElo "1879"]
[PlyCount "60"]
[GameId "2160767911564029"]
[EventDate "2001.07.07"]
[EventType "swiss"]
[EventRounds "10"]
[EventCountry "CAN"]
[SourceTitle "EXT 2006"]
[Source "ChessBase"]
[SourceDate "2005.11.24"]
[SourceVersion "1"]
[SourceVersionDate "2005.11.24"]
[SourceQuality "1"]

1. Nf3 d5 2. c4 c6 3. b3 Nf6 4. g3 Bg4 5. Bg2 Nbd7 6. Bb2 Qc7 7. d3 e5 8. Nbd2 Bd6 9. cxd5 cxd5 10. Rc1 Qb6 11. O-O O-O 12. a3 Rfd8 13. Rc2 e4 14. Bd4 Qa6 15. dxe4 dxe4 16. Bxf6 Nxf6 17. Nd4 Be5 18. h3 Bh5 19. g4 Nxg4 20. Nxe4 Rxd4 21. Qc1 Nf6 22. Rc8+ Rd8 23. Rxd8+ Rxd8 24. Nc5 Qxe2 25. Re1 Rd1 26. Rxd1 Qxd1+ 27. Qxd1 Bxd1 28. Bxb7 Bb2 29. Ne4 Nxe4 30. Bxe4 Bxb3 0-1

[Event "CAN-op"]
[Site "Sackville CAN"]
[Date "2001.07.08"]
[Round "3"]
[White "Drummond, Carlos"]
[Black "Tsui, Alick"]
[Result "1-0"]
[WhiteElo "1829"]
[BlackElo "1585"]
[PlyCount "59"]
[GameId "2160767911564031"]
[EventDate "2001.07.07"]
[EventType "swiss"]
[EventRounds "10"]
[EventCountry "CAN"]
[SourceTitle "EXT 2006"]
[Source "ChessBase"]
[SourceDate "2005.11.24"]
[SourceVersion "1"]
[SourceVersionDate "2005.11.24"]
[SourceQuality "1"]

1. d4 f5 2. c4 Nf6 3. Nc3 e6 4. Nf3 Be7 5. g3 d5 6. Bg2 O-O 7. O-O dxc4 8. Qa4 Bd7 9. Qxc4 h6 10. Ne5 Nc6 11. Nxc6 bxc6 12. Bxc6 Rb8 13. Bg2 Rb4 14. Qa6 Qb8 15. d5 Rb6 16. Qc4 Rb4 17. Qd3 Kf7 18. dxe6+ Bxe6 19. Qc2 Rc4 20. b3 Rc5 21. Be3 Ra5 22. Rfd1 Rd8 23. Rxd8 Bxd8 24. Rd1 Be7 25. Nd5 Nxd5 26. Bxd5 Ra6 27. Qxf5+ Bf6 28. Bxe6+ Ke7 29. Rd7+ Kf8 30. Qh7 1-0

[Event "CAN-op"]
[Site "Sackville CAN"]
[Date "2001.07.08"]
[Round "3"]
[White "Gaspariants, Vladimir"]
[Black "Wong, Wylon"]
[Result "1-0"]
[WhiteElo "2305"]
[BlackElo "1719"]
[PlyCount "81"]
[GameId "2160767911564032"]
[EventDate "2001.07.07"]
[EventType "swiss"]
[EventRounds "10"]
[EventCountry "CAN"]

1. e4 d6 2. d4 Nf6 3. Nc3 c6 4. g3 g6 5. Bg2 Bg7 6. Nge2 O-O 7. O-O Nbd7 8. h3 e5 9. Be3 Qc7 10. Qd2 Re8 11. g4 Nf8 12. f4 Qe7 13. Rae1 b6 14. Rf2 Ba6 15. a4 Rad8 16. b4 Bxe2 17. Rexe2 Ne6 18. d5 Nxf4 19. Bxf4 exf4 20. dxc6 Qc7 21. b5 g5 22. Rf3 Re5 23. Rd3 h6 24. Re1 Kh8 25. Rd1 Bf8 26. Bf3 Qe7 27. Kg2 Kh7 28. Rd4 Re6 29. a5 Bg7 30. Ra4 Re5 31. axb6 axb6 32. Ra6 Qc7 33. Rda1 Nxe4 34. Bxe4+ Rxe4 35. Nxe4 Bxa1 36. Rxa1 Qe7 37. Qd3 Kg7 38. Qd4+ f6 39. Nc3 Re8 40. Rf1 Kf7 41. Rf2 1-0

[Event "CAN-op"]
[Site "Sackville CAN"]
[Date "2001.07.08"]
[Round "3"]
[White "Goldenberg, Danny"]
[Black "Brown, John R"]
[Result "1-0"]
[WhiteElo "2322"]
[BlackElo "1723"]
[PlyCount "43"]
[GameId "2160767911564033"]
[EventDate "2001.07.07"]
[EventType "swiss"]
[EventRounds "10"]
[EventCountry "CAN"]

1. e4 c6 2. d4 d5 3. Nd2 dxe4 4. Nxe4 Bf5 5. Ng3 Bg6 6. h4 h6 7. Nf3 Nd7 8. h5 Bh7 9. Bd3 Bxd3 10. Qxd3 e6 11. Bd2 Qc7 12. O-O-O O-O-O 13. Qe2 Ngf6 14. Ne5 Nxe5 15. dxe5 Nd5 16. c4 Nb4 17. Kb1 Be7 18. Bc3 a5 19. Ne4 Kb8 20. Nd6 Bxd6 21. exd6 Qd7 22. Bxg7 1-0

[Event "CAN-op"]
[Site "Sackville CAN"]
[Date "2001.07.08"]
[Round "3"]
[White "Kleist, Carol"]
[Black "Saunders, Stephen"]
[Result "0-1"]
[WhiteElo "1615"]
[BlackElo "2057"]
[PlyCount "126"]
[GameId "2160767911564034"]
[EventDate "2001.07.07"]
[EventType "swiss"]
[EventRounds "10"]
[EventCountry "CAN"]
[SourceTitle "EXT 2006"]
[Source "ChessBase"]
[SourceDate "2005.11.24"]
[SourceVersion "1"]
[SourceVersionDate "2005.11.24"]
[SourceQuality "1"]

1. d4 f5 2. g3 g6 3. Bg2 Bg7 4. Nf3 Nf6 5. c4 d6 6. O-O O-O 7. Nc3 Nc6 8. Re1 Ne4 9. e3 Nxc3 10. bxc3 e5 11. dxe5 Nxe5 12. Nxe5 Bxe5 13. Qb3 Kg7 14. Ba3 Re8 15. c5 Rb8 16. Rac1 Qe7 17. cxd6 Bxd6 18. Bxd6 Qxd6 19. Red1 Qb6 20. Qxb6 axb6 21. Bd5 Kf6 22. Rc2 Bd7 23. Rcd2 Ba4 24. Bb3 Bc6 25. Bd5 Ba4 26. Bb3 Bc6 27. Bd5 Bb5 28. Bb3 Re7 29. Rd5 Bc6 30. R5d2 Bf3 31. Rc1 Ra8 32. Bd1 Bc6 33. Bb3 Ra5 34. Rd8 Bf3 35. Rc2 Rc5 36. Rf8+ Kg7 37. Rg8+ Kf6 38. Rf8+ Kg7 39. Rg8+ Kh6 40. Rd8 b5 41. Rd4 Kg7 42. Rc1 b6 43. Bd1 Bd5 44. Bb3 Be4 45. Bd1 Kf6 46. Be2 Re6 47. Bd3 Bxd3 48. Rxd3 b4 49. Kf1 Rec6 50. Ke2 bxc3 51. Rc2 Ra5 52. Kf3 Ra3 53. h4 Ke6 54. Kf4 h6 55. Kf3 Rc4 56. Rd4 Rxd4 57. exd4 Kd5 58. Ke3 Kc4 59. f3 Ra8 60. g4 fxg4 61. fxg4 Re8+ 62. Kf4 Kxd4 63. g5 h5 0-1

[Event "CAN-op"]
[Site "Sackville CAN"]
[Date "2001.07.08"]
[Round "3"]
[White "Love, Robert"]
[Black "Morabito, Matthew"]
[Result "0-1"]
[WhiteElo "1629"]
[BlackElo "1915"]
[PlyCount "68"]
[GameId "2160767911564035"]
[EventDate "2001.07.07"]
[EventType "swiss"]
[EventRounds "10"]
[EventCountry "CAN"]
[SourceTitle "EXT 2006"]
[Source "ChessBase"]
[SourceDate "2005.11.24"]
[SourceVersion "1"]
[SourceVersionDate "2005.11.24"]
[SourceQuality "1"]

1. d4 Nf6 2. c4 g6 3. Nc3 Bg7 4. e4 d6 5. f3 O-O 6. Be3 Nbd7 7. Nge2 e5 8. d5 Nb6 9. Nc1 c6 10. Qd2 cxd5 11. cxd5 Nh5 12. g3 f5 13. Bg5 Bf6 14. Bxf6 Qxf6 15. Bg2 Bd7 16. Rf1 f4 17. g4 Ng7 18. Qf2 Rfc8 19. h4 Nc4 20. Nd1 Qd8 21. Nb3 a5 22. Nd2 a4 23. Nxc4 Rxc4 24. a3 Rac8 25. Nc3 Qa5 26. Rc1 b5 27. Rh1 b4 28. axb4 Qxb4 29. Qd2 a3 30. Rb1 Rxc3 31. bxc3 Qxb1+ 32. Kf2 a2 33. Qc1 Rb8 34. Qa3 Rb2+ 0-1

[Event "CAN-op"]
[Site "Sackville CAN"]
[Date "2001.07.08"]
[Round "3"]
[White "MacLean, John"]
[Black "Faust, Steven"]
[Result "0-1"]
[WhiteElo "1385"]
[BlackElo "1839"]
[PlyCount "72"]
[GameId "2160767911564036"]
[EventDate "2001.07.07"]
[EventType "swiss"]
[EventRounds "10"]
[EventCountry "CAN"]

1. e4 c5 2. Nf3 e6 3. d4 cxd4 4. Nxd4 Nc6 5. Nc3 a6 6. Nb3 Qc7 7. Be3 b6 8. Qd2 Nf6 9. f3 b5 10. Be2 Be7 11. a3 O-O 12. f4 b4 13. axb4 Bxb4 14. Bf3 e5 15. f5 Bb7 16. O-O Rfd8 17. Qf2 Re8 18. Na4 Nd4 19. Bxd4 exd4 20. Qxd4 Bd6 21. Nbc5 Bxh2+ 22. Kh1 Be5 23. Qb4 Bc6 24. Nb6 Ra7 25. Nxa6 Qb7 26. Nc5 Qb8 27. Na6 Qd8 28. Nc5 Rxa1 29. Rxa1 Bc7 30. Nd5 Bd6 31. Qa5 Bxc5 32. Qxc5 Nxe4 33. Qd4 Qh4+ 34. Kg1 Bxd5 35. Qe3 Kf8 36. Re1 Nd6 0-1

[Event "CAN-op"]
[Site "Sackville CAN"]
[Date "2001.07.08"]
[Round "3"]
[White "Martin, Steve"]
[Black "Roschman, Paul"]
[Result "1/2-1/2"]
[WhiteElo "1759"]
[BlackElo "1625"]
[PlyCount "54"]
[GameId "2160767911564037"]
[EventDate "2001.07.07"]
[EventType "swiss"]
[EventRounds "10"]
[EventCountry "CAN"]
[SourceTitle "EXT 2006"]
[Source "ChessBase"]
[SourceDate "2005.11.24"]
[SourceVersion "1"]
[SourceVersionDate "2005.11.24"]
[SourceQuality "1"]

1. d4 Nf6 2. c4 g6 3. Nc3 Bg7 4. e4 d6 5. Be2 O-O 6. Be3 Nbd7 7. Qd2 c6 8. Bh6 e5 9. Bxg7 Kxg7 10. d5 c5 11. g4 Nb6 12. g5 Ng8 13. O-O-O f5 14. h4 f4 15. h5 Ne7 16. hxg6 hxg6 17. b3 Bd7 18. Nf3 Rh8 19. Rdg1 Rxh1 20. Rxh1 Bg4 21. Nh2 Bxe2 22. Qxe2 Qd7 23. Qg4 a6 24. Qg2 Rh8 25. Nf3 Rxh1+ 26. Qxh1 Ng8 27. Qg2 Kf8 1/2-1/2

[Event "CAN-op"]
[Site "Sackville CAN"]
[Date "2001.07.08"]
[Round "3"]
[White "Mercer, Jason"]
[Black "Poirier, David"]
[Result "0-1"]
[WhiteElo "1576"]
[BlackElo "1880"]
[PlyCount "84"]
[GameId "2160767911564040"]
[EventDate "2001.07.07"]
[EventType "swiss"]
[EventRounds "10"]
[EventCountry "CAN"]
[SourceTitle "EXT 2006"]
[Source "ChessBase"]
[SourceDate "2005.11.24"]
[SourceVersion "1"]
[SourceVersionDate "2005.11.24"]
[SourceQuality "1"]

1. e4 Nc6 2. Nf3 e5 3. Bc4 Bc5 4. O-O d6 5. Nc3 Nf6 6. d3 h6 7. h3 Na5 8. a3 Nxc4 9. dxc4 a6 10. b4 Ba7 11. Re1 O-O 12. Be3 Bxe3 13. Rxe3 Be6 14. Qe2 Nh5 15. Nd2 Nf4 16. Qf3 Qg5 17. Kf1 Bd7 18. Nd5 Ne6 19. Qg3 Nd4 20. Qxg5 hxg5 21. Rc1 Ne6 22. c3 f6 23. Nf3 Kf7 24. Rce1 Rh8 25. Nh2 Rac8 26. Ng4 Nf4 27. Rf3 Bxg4 28. Rxf4 gxf4 29. hxg4 Rh1+ 30. Ke2 Rxe1+ 31. Kxe1 Ke6 32. g3 fxg3 33. fxg3 Kd7 34. Kf2 Rh8 35. Kg2 c6 36. Ne3 g6 37. Kg1 Ke6 38. Kg2 b5 39. Kg1 Ra8 40. cxb5 axb5 41. Nc2 d5 42. exd5+ Kxd5 0-1

[Event "CAN-op"]
[Site "Sackville CAN"]
[Date "2001.07.08"]
[Round "3"]
[White "Miller, Brian"]
[Black "Tremblay, Brent"]
[Result "1/2-1/2"]
[WhiteElo "1792"]
[BlackElo "1634"]
[PlyCount "77"]
[GameId "2160767911564041"]
[EventDate "2001.07.07"]
[EventType "swiss"]
[EventRounds "10"]
[EventCountry "CAN"]
[SourceTitle "EXT 2006"]
[Source "ChessBase"]
[SourceDate "2005.11.24"]
[SourceVersion "1"]
[SourceVersionDate "2005.11.24"]
[SourceQuality "1"]

1. d4 d5 2. c4 c6 3. Nc3 Nf6 4. Nf3 Nbd7 5. Bg5 dxc4 6. a4 Nb6 7. e4 Bg4 8. a5 Nc8 9. e5 Nd5 10. Bxc4 Qd7 11. Nxd5 cxd5 12. Bb3 b5 13. h3 Bxf3 14. Qxf3 e6 15. O-O Be7 16. Bd2 a6 17. Rfc1 O-O 18. Rc2 Na7 19. Rac1 Rfc8 20. Qd3 Rxc2 21. Bxc2 g6 22. Bb1 Rc8 23. g3 Rxc1+ 24. Bxc1 Bb4 25. Bh6 Bxa5 26. h4 Bb4 27. h5 Bf8 28. Bxf8 Kxf8 29. Qf3 Qe7 30. hxg6 hxg6 31. Bxg6 Kg7 32. Bb1 Qb4 33. Qf6+ Kg8 34. Qd8+ Kg7 35. Qf6+ Kg8 36. Qg5+ Kf8 37. Qd8+ Kg7 38. Qg5+ Kf8 39. Qd8+ 1/2-1/2

[Event "CAN-op"]
[Site "Sackville CAN"]
[Date "2001.07.08"]
[Round "3"]
[White "Nuschke, Alex"]
[Black "Chranowski, Rick"]
[Result "1-0"]
[WhiteElo "1632"]
[BlackElo "1913"]
[PlyCount "117"]
[GameId "2160767911564042"]
[EventDate "2001.07.07"]
[EventType "swiss"]
[EventRounds "10"]
[EventCountry "CAN"]
[SourceTitle "EXT 2006"]
[Source "ChessBase"]
[SourceDate "2005.11.24"]
[SourceVersion "1"]
[SourceVersionDate "2005.11.24"]
[SourceQuality "1"]

1. e4 b6 2. d4 Bb7 3. Nc3 e6 4. Nf3 Bb4 5. Bd3 Nf6 6. Bg5 h6 7. Bxf6 gxf6 8. Qd2 Nc6 9. O-O-O h5 10. a3 Bf8 11. Kb1 Bh6 12. Qe2 a6 13. d5 Ne7 14. dxe6 fxe6 15. Nd4 Bg7 16. Nxe6 dxe6 17. Bb5+ axb5 18. Qxb5+ Bc6 19. Rxd8+ Rxd8 20. Qe2 Kf7 21. g4 hxg4 22. Qxg4 f5 23. Qg3 Rd7 24. Rg1 Rg8 25. Qh3 Rh8 26. Qg3 Bxc3 27. Qxc3 Rxh2 28. Rg7+ Ke8 29. Rxe7+ Kxe7 30. Qxc6 Rxf2 31. exf5 Rxf5 32. b4 Rfd5 33. a4 e5 34. Qc3 Kd6 35. a5 bxa5 36. bxa5 Re7 37. Qb4+ Kd7 38. a6 Re8 39. a7 e4 40. Qa4+ c6 41. a8=Q Rxa8 42. Qxa8 Re5 43. Qb7+ Kd6 44. Qb4+ Ke6 45. Qc4+ Kd6 46. Qd4+ Ke6 47. c4 e3 48. Qg4+ Kd6 49. Qe2 Kc5 50. Kc2 Kd4 51. Qd3+ Kc5 52. Kd1 e2+ 53. Ke1 Re6 54. Qf5+ Kd6 55. c5+ Ke7 56. Qg5+ Kf7 57. Qf4+ Ke7 58. Qc7+ Kf8 59. Qd7 1-0

[Event "CAN-op"]
[Site "Sackville CAN"]
[Date "2001.07.08"]
[Round "3"]
[White "Palsson, Halldor"]
[Black "Ochkoos, Jura"]
[Result "0-1"]
[WhiteElo "2100"]
[BlackElo "2285"]
[PlyCount "90"]
[GameId "2160767911564043"]
[EventDate "2001.07.07"]
[EventType "swiss"]
[EventRounds "10"]
[EventCountry "CAN"]
[SourceTitle "EXT 2002"]
[Source "ChessBase"]
[SourceDate "2001.11.25"]
[SourceVersion "1"]
[SourceVersionDate "2001.11.25"]
[SourceQuality "1"]

1. d4 d5 2. c4 e6 3. Nc3 c6 4. cxd5 exd5 5. Nf3 Bf5 6. Bf4 Nf6 7. e3 Qb6 8. Qc1 Be7 9. Be2 Nbd7 10. O-O a5 11. Na4 Qa7 12. Ne5 Nxe5 13. Bxe5 O-O 14. a3 Rfc8 15. Qd1 b5 16. Nc3 Nd7 17. Bf4 Nb6 18. Bd3 Qd7 19. Qc2 Bxd3 20. Qxd3 Nc4 21. Qc2 a4 22. Ne2 Re8 23. Nc1 Bf8 24. Nd3 f6 25. Rfe1 Qf5 26. Qc3 h5 27. h3 Ra7 28. Nb4 Qc8 29. Rad1 g5 30. Bh2 Rg7 31. b3 axb3 32. Qxb3 h4 33. f3 f5 34. Kh1 Ra7 35. Ra1 Qe6 36. Bg1 Rea8 37. Nc2 g4 38. hxg4 fxg4 39. e4 h3 40. gxh3 g3 41. Kg2 Rh7 42. Kxg3 Be7 43. exd5 Qxh3+ 44. Kf2 Bh4+ 45. Ke2 Qg2+ 0-1